Zenginlik devrimi: (Record no. 13703)

MARC details
000 -BAŞLIK
Sabit Uzunlukta Kontrol Alanı 01035nam a2200289 4500
999 ## - SİSTEM KONTROL NUMARALARI (KOHA)
Koha Biblionumber 13703
Koha Biblioitemnumber 13703
003 - KONTROL NUMARASI IDENTIFIER
Denetim Alanı MIRAKIL
005 - SON İŞLEM TARİHİ VE ZAMANI
Denetim Alanı 20200114161713.0
008 - SABİT-BOY VERİ ELEMANLARI - GENEL BİLGİLER
Sabit Uzunlukta Kontrol Alanı 200114b tu ||||| |||| 00| 0 tur d
020 ## - ULUSLARARASI STANDART KİTAP NUMARASI
Uluslararası Standart Kitap Numarası 9944983128
040 ## - KATALOGLAMA KAYNAK
Orijinal Kataloglama Ajansı TR-AnCHP
Metne Dönüştürmek Ajansı TR-AnCHP
041 ## - DİL KODU
Metin / Ses Parça Veya Ayrı Başlığın Dil Kodu tur
082 ## - DEWEY ONLU SINIFLANDIRMA NUMARASI
Sınıflandırma Numarası 339
Ürün Numarası T62z 2006
100 ## - ANA GİRİŞ - KİŞİSEL İSİM
Kişisel Ad Toffler, Alvin
245 10 - BAŞLIK TABLOSU
Başlık Zenginlik devrimi:
Başlığın Kalan nasıl yaratılacak ve hayatınızı nasıl değiştirecek/
Sorumluluk Tablosu, Vb Alvin Toflfler, Heidi Toffler ; çeviren Selim Yeniçeri.
246 ## - UNVAN FORM VARYING
Başlık Doğru / Kısa Başlığı nasıl yaratılacak ve hayatınızı nasıl değiştirecek
260 ## - YAYIN, DAĞITIM, VB
Yayın, Dağıtım, Vb Yeri İstanbul:
Yayıncı, Dağıtıcı, Vs Adı Koridor yayıncılık,
Yayın, Dağıtım, Vb Tarihi 2006.
300 ## - FİZİKSEL TANIM
Kapsam 575 s.:
Boyutlar 23 sm.
490 0# - SERİSİ TABLOSU
Seri Beyanı Koridor yayıncılık;
Hacim / Ardışık Tanımı 35.
500 ## - GENEL NOT
Genel Not Özgün yapıt adı: Revolutionary wealth.
504 ## - KAYNAKÇA VB NOT
Kaynakça Vb Notu Kaynakça vardır.
650 #0 - KONU KATMA GİRİŞ - TOPİKAL DÖNEM
9 (RLIN) 5840
Topikal Süreli Veya Coğrafi Ad Giriş Elemanı Ekonomik kalkınma
650 #0 - KONU KATMA GİRİŞ - TOPİKAL DÖNEM
9 (RLIN) 6200
Topikal Süreli Veya Coğrafi Ad Giriş Elemanı Zenginlik
Genel Alt Bölümü Ekonomik tahminler
700 1# - KATMA GİRİŞ - KİŞİSEL İSİM
9 (RLIN) 1614
Kişisel Ad Toffler, Heidi
700 ## - KATMA GİRİŞ - KİŞİSEL İSİM
9 (RLIN) 6201
Kişisel Ad Yeniçeri, Selim
Relator Terim çev.
740 ## - KATMA GİRİŞ - KONTROLSUZ İLGİLİ / ANALİTİK BAŞLIK
Kontrol Edilmeyen / İlgili Analitik Başlıktaki nasıl yaratılacak ve hayatınızı nasıl değiştirecek
942 ## - EKLENDİ GİRİŞ ELEMANLARI (KOHA)
Sınıflandırma Veya Raf Düzeni Kaynak Dewey Decimal Classification
Koha Öğesi Türü Books
Holdings
Kalıcı Konum Mevcut Konum Edinme Tarihi Toplam Check-Out'Lar Tam Çağrı Numarası Barkod Tarih Son Görülme İtibaren Geçerli Fiyatlar Koha Öğesi Türü
CHP Kütüphanesi CHP Kütüphanesi 01/14/2020   339 T62z 2006 013483 01/14/2020 01/14/2020 Books